Pohon jejawi Tok Merah /

Bibliographic Details
Main Author: Zainuddin Saad
Format: Book
Published: Pulau Pinang: Teks Pub, 1981.
Subjects:
LEADER 00773cam a2200253 7i4500
001 0000057980
005 20151104090000.0
005 ##20151104175900.0
003 ##MY-KlINT
039 # 9 |y 201511041759  |z VLOAD 
090 0 0 |a FM ZAI  
100 1 # |a Zainuddin Saad 
245 1 0 |a Pohon jejawi Tok Merah /   |c Zainuddin Saad. 
260 # # |a Pulau Pinang:   |b Teks Pub,   |c 1981. 
300 # # |a 139 p;   |c 18cm. 
650 # 0 |a Malay fiction  
996 |a ikwas2000.out 
997 |a 3000074736  |b IKWS  |c MF  |d BOK 
997 |a 3000074777  |b IKWS  |c MF  |d BOK 
997 |a 3000122410  |b IKWS  |c MF  |d BOK 
997 |a 3000122444  |b IKWS  |c MF  |d BOK 
998 |a 0000004962 
999 |a 3000122410  |b BOOK  |c Main Fiction  |e INTAN Kampus Wilayah Selatan 
999 |a 3000122444  |b BOOK  |c Main Fiction  |e INTAN Kampus Wilayah Selatan